| 000 | 00000nam##2200000za#4500 |
| 001 | 9.693032 |
| 003 | CaOODSP |
| 005 | 20220125145842 |
| 007 | cr ||||||||||| |
| 008 | 150407|2008||||xxc|||||o f|0| 0 eng|d |
| 040 | |aCaOODSP|beng |
| 043 | |an-cn--- |
| 086 | 1 |aD2-252/500-2008E-PDF |
| 110 | 1 |aCanada. |bDepartment of National Defence. |
| 245 | 14|aThe Canadian Forces operational planning process |h[electronic resource] |
| 246 | 3 |aCanadian Forces Joint Publication. CFJP 5.0, The Canadian Forces operational planning process |
| 250 | |aChange 2 |
| 260 | |aOttawa - Ontario : |bNational Defence |cApril 2008. |
| 300 | |a142p.|bfigs. (some coloured), glossary |
| 500 | |a"This manual is to be used in conjunction with CF Operations, B-GJ-005-300/FP-000 and other manuals. It supersedes the Force Employment Manual, B-GG-005-004/AF-004 June 1998. It is the keystone-planning manual in the Canadian Forces Doctrine Hierarchy."--Page 4 of 142, Foreword. |
| 520 | 3 |aCanadian Forces Joint Publication 5.0 (CFJP 5.0) |
| 590 | |a10-02-Supp|b2010-06-14 |
| 856 | 40|ahttp://publications.gc.ca|qPDF|s638 KB|uhttps://publications.gc.ca/collections/collection_2010/forces/D2-252-500-2008-eng.pdf |
| 986 | |aB-GJ-005-500/FP-000 |